Shopping centre development : (Record no. 18061)
[ view plain ]
| 000 -LEADER | |
|---|---|
| fixed length control field | 00943 am a2200253ua 4500 |
| 001 - CONTROL NUMBER | |
| control field | 012648147 |
| 005 - DATE AND TIME OF LATEST TRANSACTION | |
| control field | 20140302115942.0 |
| 008 - FIXED-LENGTH DATA ELEMENTS--GENERAL INFORMATION | |
| fixed length control field | 850930t1985 xxkabd grb 001 0|eng d |
| 020 ## - INTERNATIONAL STANDARD BOOK NUMBER | |
| International Standard Book Number | 0709908458 |
| 020 ## - INTERNATIONAL STANDARD BOOK NUMBER | |
| International Standard Book Number | 9780709908456 |
| 040 ## - CATALOGING SOURCE | |
| Original cataloging agency | Uk |
| Transcribing agency | Uk |
| 082 04 - DEWEY DECIMAL CLASSIFICATION NUMBER | |
| Classification number | 658.87 |
| Edition number | 22 |
| Item number | SHO |
| 245 00 - TITLE STATEMENT | |
| Title | Shopping centre development : |
| Remainder of title | policies and prospects / |
| Statement of responsibility, etc | edited by John A. Dawson and J. Dennis Lord. |
| 260 ## - PUBLICATION, DISTRIBUTION, ETC. (IMPRINT) | |
| Place of publication, distribution, etc | London : |
| -- | Sydney, Australia : |
| Name of publisher, distributor, etc | Croom Helm ; |
| Place of publication, distribution, etc | New York, United States : |
| Name of publisher, distributor, etc | Nichols Publishing company, |
| Date of publication, distribution, etc | c.1985 |
| Place of manufacture | (Guildford, United Kingdom : |
| Manufacturer | Biddles Ltd.) |
| 300 ## - PHYSICAL DESCRIPTION | |
| Extent | 269 p. : |
| Other physical details | chart, maps, tables ; |
| Dimensions | 23 cm. |
| 500 ## - GENERAL NOTE | |
| General note | Index : p. 267-269. |
| 504 ## - BIBLIOGRAPHY, ETC. NOTE | |
| Bibliography, etc | Includes bibliographies references. |
| 650 #0 - SUBJECT ADDED ENTRY--TOPICAL TERM | |
| Topical term or geographic name as entry element | Shopping centers |
| 9 (RLIN) | 35153 |
| 653 ## - INDEX TERM--UNCONTROLLED | |
| Resource For college | BAEPS, Business Administration |
| Arrived date list | February2014 |
| 655 ## - INDEX TERM--GENRE/FORM | |
| Form subdivision | |
| -- | 34232 |
| 700 1# - ADDED ENTRY--PERSONAL NAME | |
| Personal name | Dawson, John A. |
| 9 (RLIN) | 35154 |
| Relator term | editor. |
| 700 1# - ADDED ENTRY--PERSONAL NAME | |
| Personal name | Lord, J. Dennis |
| 9 (RLIN) | 35155 |
| Relator term | editor. |
| 942 ## - ADDED ENTRY ELEMENTS (KOHA) | |
| Source of classification or shelving scheme | Dewey Decimal Classification |
| Call number prefix | 658.87 SHO |
| Withdrawn status | Item status | Source of classification or shelving scheme | Damaged status | Not for loan | Vendor | Home library | Current library | Shelving location | Date acquired | Source of acquisition | Total Checkouts | Full call number | Barcode | Date last seen | Koha item type |
|---|---|---|---|---|---|---|---|---|---|---|---|---|---|---|---|
| Dewey Decimal Classification | Donation-Gift | Central Library | Central Library | First floor | 09/02/2014 | Donation | 658.87 SHO | 000035615 | 15/07/2025 | Book - Borrowing |